| 000 | 02074nam a2200421 a 4500 | ||
|---|---|---|---|
| 001 | ebr10580563 | ||
| 003 | CaPaEBR | ||
| 006 | m u | ||
| 007 | cr cn||||||||| | ||
| 008 | 120612s2012 caub sb 001 0 eng d | ||
| 010 | _z 2012024043 | ||
| 020 | _z9780817915049 (cloth alkaline paper) | ||
| 020 | _z9780817915063 (e-book) | ||
| 040 |
_aCaPaEBR _cCaPaEBR |
||
| 035 | _a(OCoLC)808344426 | ||
| 043 | _aa-sy--- | ||
| 050 | 1 | 4 |
_aDS98.6 _b.A33 2012eb |
| 082 | 0 | 4 |
_a956.9104/2 _223 |
| 100 | 1 | _aAjami, Fouad. | |
| 245 | 1 | 4 |
_aThe Syrian rebellion _h[electronic resource] / _cFouad Ajami. |
| 260 |
_aStanford, Calif. : _bHoover Institution Press, Stanford University, _c2012. |
||
| 300 |
_axx, 240 p. : _bmap. |
||
| 490 | 1 |
_aHoover Institution Press publication ; _vno. 624 |
|
| 500 | _a"Herbert and Jane Dwight Working Group on Islamism and the International Order"--Title page verso. | ||
| 504 | _aIncludes bibliographical references and index. | ||
| 505 | 0 | _aPrologue : the inheritor -- Come the mountain people -- The time of the founder -- False dawn -- The boys of Deraa -- The phantoms of Hama -- The truth of the sects -- Sarajevo on the Orontes -- The stalemate -- Dreaming of home : a note on the exiles -- Fragments of a past mourned and dreaded. | |
| 533 |
_aElectronic reproduction. _bPalo Alto, Calif. : _cebrary, _d2011. _nAvailable via World Wide Web. _nAccess may be limited to ebrary affiliated libraries. |
||
| 600 | 1 | 0 |
_aAssad, Bashar, _d1965- |
| 650 | 0 |
_aPolitical violence _zSyria _xHistory _y21st century. |
|
| 650 | 0 |
_aProtest movements _zSyria _xHistory _y21st century. |
|
| 651 | 0 |
_aSyria _xHistory _yProtests, 2011- |
|
| 651 | 0 |
_aSyria _xPolitics and government _y2000- |
|
| 655 | 7 |
_aElectronic books. _2local |
|
| 710 | 2 | _aHerbert and Jane Dwight Working Group on Islamism and the International Order. | |
| 710 | 2 | _aebrary, Inc. | |
| 830 | 0 |
_aHoover Institution Press publication ; _v624. |
|
| 856 | 4 | 0 |
_uhttp://site.ebrary.com/lib/rucke/Doc?id=10580563 _zAn electronic book accessible through the World Wide Web; click to view |
| 999 |
_c187448 _d187448 |
||